Placements de la Suisse aux Championnats d'Europe - Statistiques

Statistiques générales
  • Ce quiz a été pris 20 fois
    8 depuis la dernière actualisation
  • Le résultat moyen est 5 sur 6
Statistiques - réponses
Hint Réponse % Correct
1996 Phase de groupes
100%
2004 Phase de groupes
88%
2020 Quarts de finale
88%
2008 Phase de groupes
75%
2024 Quarts de finale
75%
2016 Huitièmes de finale
63%
Aucun quiz correspondant
Distribution des résultats
% des personnes avec chaque résultat
Percentile par nombre de réponses
Votre historique - résultats
Vous n’avez pas pris ce quiz depuis la dernière actualisation